000 00863nam a22003257a 4500
001 BR7604133
003 BR-BrBNA
005 20230928085053.0
007 ta
008 230509b bl.||||| |||| 00| 0 por d
040 _aBR-BrBNA
_bpor
_cBiblioteca Nacional de Agricultura
041 _a(Por)
072 _aM10
_b8134
_b/G514
090 _ 8134 BR7604133
100 1 _aBard, J.
245 1 _aAlgumas sugestoes para a piscicultura brasileira (relatorio de missao)2. parte missao no Ceara [peixe de agua doce, criacao]
260 3 _a[nd](Brasil):
_c1976.
300 _a24 p.
650 _aTILAPIA NILOTICA
650 _aCRIACAO
650 _aVIVEIRO
650 _aALEVINO
650 _aHIBRIDO
650 _aNUTRICAO ANIMAL
650 _aPRECO
650 _aDESPESA
650 _aCEARA
909 _a202309
_bLucia
_c55
_dLucia Elande
942 _cBK
999 _c22654
_d22654